Klastre a klastrové politiky vo vybranej krajine EÚ diplomová práca

Enregistré dans:
Détails bibliographiques
Auteur principal: Mátéová, Nikoleta
Collectivité auteur: Fakulta podnikového manažmentu EU. Katedra podnikovohospodárska
Autres auteurs: Gajdová, Denisa, 1977-
Format: Livre
Langue:slovaque
Publié: Bratislava 2014
Tags: Ajouter un tag
Pas de tags, Soyez le premier à ajouter un tag!

MARC

LEADER 00000nbm a2200000 4500
001 0187902
005 20170201091739.6
041 0 |a slo 
044 |a SK 
245 1 0 |a Klastre a klastrové politiky vo vybranej krajine EÚ  |b diplomová práca  |c Nikoleta Mátéová ; školiteľ: Denisa Gajdová 
264 1 |a Bratislava  |c 2014 
300 |a 65 s. 
100 1 |a Mátéová, Nikoleta 
700 1 |a Gajdová, Denisa, 1977- 
710 2 |a Fakulta podnikového manažmentu EU. Katedra podnikovohospodárska